MDQL
is popping MORE tags! Check the
thread
!
Quizzes
Events
Quiz Creation
Community
Videos
Private Events
Remove Ads
Sign In
Join for FREE
Feedback
Dark Mode
Quiz Categories
Sports
Geography
Music
Movies
Television
Just For Fun
Miscellaneous
History
Literature
Language
Science
Gaming
Entertainment
Religion
Holiday
For Kids
Quiz Lab
Recent
Popular Today
Quiz Kudos Today
Editor Picks
Curator Picks
Quizzes by...
Day
Popularity
Type
Ratings
Length
Year
Community
Subscriptions
Recent Discussions
Orange Saloon
Badges
Playlists
Quests
Create
Leaderboards
Showdown
Live 5
Trivia Bingo
Activity
Puzzle Library
Sporcle Events
Private Events
Virtual Trivia
Globe League
Become a Host
Pub Owners
SporcleCon
Opinionation
Our Games
Videos
Blog
Mobile Apps
Partnerships
Remove Ads and Go Orange
Feedback
History
US Presidents
World Leaders
Politics
Nation
Discovery
War
Decade
Year
Century
Biography
Art
History
US Presidents
World Leaders
Politics
Nation
Discovery
War
Decade
Year
Century
Biography
Art
Random Quiz
Search Sporcle
×
Editor Pick
Editor Pick
History
Letter
Type in answers that appear in a list
Type in answers that appear in a list
Classic
Best Score? Go Orange.
US Senate A-Z (112th Congress) Stats
Can you name the members of the 112th U.S. Senate, one for each letter?
By
gnatural
5m
21 Questions
2,088 Plays
2,088 Plays
2,088 Plays
Comments
Comments
Give Quiz Kudos
Give Quiz Kudos
-
- Ratings
hide this ad
More Info
Replay
Link that replays current quiz
Next Quiz
Link to next quiz in quiz playlist
You Got
0%
They Got
Avg Score
64%
Avg Friend Score
Upgrade to see
Score Distribution
Jump to the score distribution portion of the page
Score
0/21
Timer
05:00
0
Plays Today
Letter
Senator (surname)
% Correct
M
Manchin, McCain, McCaskill, McConnell, Menendez, Merkley, Mikulski, Moran, Murkowski, Murray
90.5%
B
Barrasso, Baucus, Begich, Bennet, Bingaman, Blumenthal, Blunt, Boozman, Boxer, Brown (2), Burr
86.3%
S
Sanders, Schumer, Sessions, Shaheen, Shelby, Snowe, Stabenow
83.6%
R
Reed, Reid, Risch, Roberts, Rockefeller, Rubio
82.2%
C
Cantwell, Cardin, Carper, Casey, Chambliss, Coats, Coburn, Cochran, Collins, Conrad, Coons, Corker, Cornyn, Crapo
78.8%
L
Landrieu, Lautenberg, Leahy, Lee, Levin, Lieberman, Lugar
74.9%
F
Feinstein, Franken
74.4%
K
Kerry, Kirk, Klobuchar, Kohl, Kyl
74.3%
G
Gillibrand, Graham, Grassley
64.9%
J
Johanns, Johnson (2)
63.5%
H
Hagan, Harkin, Hatch, Heller, Hoeven, Hutchison
62.8%
Letter
Senator (surname)
% Correct
W
Warner, Webb, Whitehouse, Wicker, Wyden
60.6%
P
Paul, Portman, Pryor
60.4%
I
Inhofe, Inouye, Isakson
60.3%
A
Akaka, Alexander, Ayotte
58.7%
D
DeMint, Durbin
57.4%
U
Udall (2)
55.1%
T
Tester, Thune, Toomey
54.1%
N
Nelson (2)
48.2%
V
Vitter
35.6%
E
Enzi, Ensign (resigned)
35.3%
Quiz Playlist
Details
Report
Send in Message
Add To Playlist
More Info:
There are currently no senators for the missing letters. Get out there and make your OQXYZ votes count!
Classic:
Type in answers that appear in a list
Quiz Source
Last Updated: Oct 9, 2018
Editor Pick in
History
Quiz Scoreboard
CHALLENGE
Sign Up to Join the Scoreboard
Show All
Scores
Hide
Comments
May contain spoilers
Recently Published
Image Sorting: Flags VI
by Barbecue
Geography
2m
Find the 'City' Movie
by crazypaving
Movies
60s
Colored Red Africa Blitz
by spor1
Geography
45s
More to Explore
Quiz From the Vault
Featured Blog Post
14 Easter Pick-up Lines to Find Eggs With
hide this ad
You Might Also Like...
Tags
Letter Quiz
A-Z
congress
sen
senate
senator
Surname
US Senate
Today's Top Quizzes in History
Browse History
hide this ad
Today's Top Quizzes in Letter
Browse Letter
Top Contributed Quizzes in History
1
I Am Born On March 29th
2
Order Up: 1000 Years of World Events I
3
US National Parks Named After People
4
Popular People in 1951
5
Popular People in 1991
6
Popular People in 1941
7
Popular People in 1986
8
Popular People in 1981
9
Popular People in 1921
10
Popular People in 1976
Explore More
Trending Topics
Crossword
Disney
Anime
Kpop
Harry Potter
Marvel
NBA
WWE
Song
The Office
Puzzle
NFL
Country
Pokémon
Soccer
hide this ad
More By:
gnatural
Quiz
Plays
Rating
Category
Featured
Created
Name the Third Member
213,635
4.22
Miscellaneous
Dec 13, 2009
Game by Object
190,755
3.98
Gaming
Dec 13, 2009
Countries: Three by Three
106,127
4.48
Geography
Dec 6, 2010
European Country & Capital Initials
101,258
4.07
Geography
Jun 2, 2011
Official State Grab Bag
101,140
4.42
Geography
Jan 12, 2011
Go to Creator's Profile
Score Distribution
Quiz Creator Spotlight
gnatural
Follow
Send a Message
Quizzes Created
-
Created Quiz Play Count
-
More By This Creator
Popular Quizzes Today
1
Colored Red Africa Blitz
2
Find the US States - No Outlines Minefield
3
Find the 'City' Movie
4
5x2 Blitz: Bands
5
The Countries of the World
6
Find the US States
7
Find the Countries of Europe - No Outlines Minefield
8
US States
More History Quizzes
Inspirational Women From History We All Should Know
Editor's Pick
Trending Quizzes
Colored Red Europe Blitz I
Colored Red Europe Blitz II
Colored Red Africa Blitz II
Colored Red Europe Blitz III
Colored Red Africa Blitz III
Recently Updated
How Do You Spell That?
pecheneg
Godzilla Movies
pecheneg
Grab Bag: 4-10 Letters
pecheneg
2024 March Madness Bracket
pecheneg
Famous TV Couples
Peacemaker
Champions League XIs: Real Madrid
pecheneg
Largest US Cities 1790-2010
pecheneg
Rides in Walt Disney World
pecheneg
Most Oscar Losses (Acting)
pecheneg
Beyoncé Albums
pecheneg
Trending Topics
Marvel
Kpop
Harry Potter
Disney
NBA
Anime
Crossword
Soccer
Country
NFL
Song
Puzzle
WWE
The Office
Pokémon
Your Account Isn't Verified!
In order to create a playlist on Sporcle, you need to verify the email address you used during registration. Go to your
Sporcle Settings
to finish the process.
Report this User
Report this user for behavior that violates our
Community Guidelines
.
Details:
Send Report
Go to the Sporcle.com Mobile Site →
Comments